000 00831nam a2200241 i 4500
001 117566
003 ES-MaACL
005 20250801063033.0
008 070214s1962 sp |||| | spa d
017 _aZ 38-1962
_bOficina Depósito Legal Zaragoza
080 _a821.134.2-342"13"
100 1 _aPedro, Maestre
_eaut
_989914
245 1 0 _aLibro del consejo e de los consejeros /
_cMaestre Pedro ; edición de Agapito Rey
260 _aZaragoza :
_b[s.n.],
_c1962
_f(Imp. Librería General)
300 _a84 páginas, 2 hojas ;
_c20 cm
490 1 _aBiblioteca del hispanista ;
_v5
700 1 _aRey, Agapito
_epbl
_996483
830 0 _aBiblioteca del hispanista ;
_v5
_9185102
852 _aES-MaACL
_cDEPO2
_jC-25053
942 _2udc
_cMONOGRAFIA
_n0
999 _c117566
_d117566